[Event "18. Obert Int. Sant Marti 2016"]
[Site "Barcelona ESP"]
[Date "2016.07.16"]
[Round "4.10"]
[White "Ortiz Suarez, Isan Reynaldo"]
[Black "Gomez Jurado, Luis Alberto"]
[Result "1/2-1/2"]
[WhiteElo "2580"]
[BlackElo "2244"]
[PlyCount "126"]
[EventDate "2016.07.13"]
[EventType "swiss"]
[EventRounds "9"]
[EventCountry "ESP"]
[SourceTitle "Ajedrez en Madrid"]
[Source "lmi"]
[SourceDate "2016.07.13"]
[SourceVersion "1"]
[SourceVersionDate "2019.06.21"]
[SourceQuality "1"]

1. Nf3 Nf6 2. c4 c6 3. g3 d5 4. Bg2 Bf5 5. O-O e6 6. cxd5 exd5 7. d3 Be7 8. Qb3
Bc8 9. Qc2 O-O 10. e4 Nbd7 11. Nc3 Nc5 12. Rd1 Bg4 13. h3 Bxf3 14. Bxf3 Ne6 15.
Bg2 Bc5 16. Na4 Bd4 17. Kh2 b5 18. Nc3 Bb6 19. f4 Nd4 20. Qd2 Re8 21. b3 dxe4
22. dxe4 b4 23. Na4 Nxe4 24. Qxb4 c5 25. Qc4 Qf6 26. Bb2 Rad8 27. Bxd4 cxd4 28.
Nxb6 axb6 29. Re1 Nc3 30. Rxe8+ Rxe8 31. Re1 Rd8 32. a4 h5 33. Qd3 h4 34. Bf1
hxg3+ 35. Qxg3 Nd5 36. Re4 Ne3 37. Bd3 Qc6 38. Qg5 Rd5 39. Qe7 g6 40. Qe8+ Qxe8
41. Rxe8+ Kg7 42. b4 Nd1 43. Bc4 Rd6 44. a5 bxa5 45. bxa5 Nb2 46. Bb3 d3 47.
Re1 d2 48. Ra1 d1=Q 49. Bxd1 Nxd1 50. a6 Rd8 51. a7 Ra8 52. Rxd1 Rxa7 53. Rd3
Kf6 54. Kg3 Ra6 55. Kg4 Rb6 56. h4 Re6 57. Rd5 Re1 58. h5 Rg1+ 59. Kf3 gxh5 60.
Rxh5 Rf1+ 61. Ke3 Re1+ 62. Kf2 Ra1 63. Rb5 Ra3 1/2-1/2

[Event "18. Obert Int. Sant Marti 2016"]
[Site "Barcelona ESP"]
[Date "2016.07.16"]
[Round "4.11"]
[White "Libiszewski, Fabien"]
[Black "Qiu, Mengjie"]
[Result "1-0"]
[WhiteElo "2542"]
[BlackElo "2231"]
[PlyCount "79"]
[EventDate "2016.07.13"]
[EventType "swiss"]
[EventRounds "9"]
[EventCountry "ESP"]
[SourceTitle "Ajedrez en Madrid"]
[Source "lmi"]
[SourceDate "2016.07.13"]
[SourceVersion "1"]
[SourceVersionDate "2019.06.21"]
[SourceQuality "1"]

1. e4 e5 2. Nf3 Nc6 3. Bb5 a6 4. Ba4 Nf6 5. O-O Be7 6. Qe2 b5 7. Bb3 d6 8. c3
O-O 9. Rd1 Na5 10. Bc2 c5 11. d4 Qc7 12. d5 h6 13. b3 c4 14. b4 Nb7 15. a4 Bd7
16. h3 Nh7 17. Be3 bxa4 18. Bxa4 Bb5 19. Nbd2 Qd7 20. Bxb5 axb5 21. Nf1 f5 22.
exf5 Qxf5 23. Ba7 Ng5 24. Nxg5 Bxg5 25. Ng3 Qd7 26. Ne4 Nd8 27. Bb6 Nf7 28. Ra5
Qb7 29. Qa2 Rxa5 30. bxa5 Ra8 31. Qb2 Bd8 32. Qxb5 Bxb6 33. axb6 Kf8 34. Rb1
Ke7 35. Qxc4 Rc8 36. Qb3 Qa6 37. c4 Nd8 38. Qg3 Qxc4 39. Qxg7+ Nf7 40. Qxf7+
1-0

[Event "18. Obert Int. Sant Marti 2016"]
[Site "Barcelona ESP"]
[Date "2016.07.16"]
[Round "4.12"]
[White "Asis Gargatagli, Hipolito"]
[Black "Martinez Lopez, Ivan"]
[Result "1-0"]
[WhiteElo "2504"]
[BlackElo "2242"]
[PlyCount "85"]
[EventDate "2016.07.13"]
[EventType "swiss"]
[EventRounds "9"]
[EventCountry "ESP"]
[SourceTitle "Ajedrez en Madrid"]
[Source "lmi"]
[SourceDate "2016.07.13"]
[SourceVersion "1"]
[SourceVersionDate "2019.06.21"]
[SourceQuality "1"]

1. e4 d6 2. Nc3 e5 3. Bc4 Nf6 4. d3 c6 5. Nf3 Be7 6. O-O h6 7. a3 Nbd7 8. Ba2
Nf8 9. Ne2 Nh5 10. d4 Qc7 11. Ne1 Ng6 12. dxe5 dxe5 13. Ng3 Nxg3 14. fxg3 Bf6
15. Nd3 Qe7 16. Be3 b6 17. Nb4 Bb7 18. Qh5 O-O-O 19. Nd3 Ba6 20. a4 Bxd3 21.
cxd3 Rxd3 22. Qe2 Rhd8 23. a5 Qb4 24. Bf2 Qd2 25. Qg4+ Kb7 26. axb6 axb6 27.
Bxf7 Ne7 28. Bc4 R3d6 29. Ba6+ Kc7 30. Be2 Nc8 31. b3 Bg5 32. h4 Bf6 33. Bc4
Qb4 34. Kh2 h5 35. Qxh5 b5 36. Be1 Qc5 37. Be2 Qd4 38. Ba5+ Nb6 39. Bg4 Rf8 40.
Rad1 Qc5 41. b4 Qc4 42. Rxd6 Kxd6 43. Qf5 1-0

[Event "18. Obert Int. Sant Marti 2016"]
[Site "Barcelona ESP"]
[Date "2016.07.16"]
[Round "4.13"]
[White "Lan, Zilun"]
[Black "Arizmendi Martinez, Julen Luis"]
[Result "1/2-1/2"]
[WhiteElo "2250"]
[BlackElo "2501"]
[PlyCount "48"]
[EventDate "2016.07.13"]
[EventType "swiss"]
[EventRounds "9"]
[EventCountry "ESP"]
[SourceTitle "Ajedrez en Madrid"]
[Source "lmi"]
[SourceDate "2016.07.13"]
[SourceVersion "1"]
[SourceVersionDate "2019.06.21"]
[SourceQuality "1"]

1. d4 e6 2. c4 Nf6 3. g3 c5 4. Nf3 cxd4 5. Nxd4 d5 6. Bg2 e5 7. Nb3 d4 8. e3 a5
9. exd4 a4 10. Nc5 Qxd4 11. Qxd4 exd4 12. Ne4 Nxe4 13. Bxe4 Nc6 14. Bf4 Be6 15.
Nd2 Bb4 16. O-O O-O 17. Rfd1 Rfe8 18. Bd5 Bf5 19. a3 Bc5 20. b4 axb3 21. Nxb3
Bxa3 22. Nxd4 Nxd4 23. Rxd4 Bc5 24. Rdd1 Rxa1 1/2-1/2

[Event "18. Obert Int. Sant Marti 2016"]
[Site "Barcelona ESP"]
[Date "2016.07.16"]
[Round "4.14"]
[White "Coll Ortega, Jordi"]
[Black "Munoz, Miguel"]
[Result "0-1"]
[WhiteElo "2243"]
[BlackElo "2477"]
[PlyCount "72"]
[EventDate "2016.07.13"]
[EventType "swiss"]
[EventRounds "9"]
[EventCountry "ESP"]
[SourceTitle "Ajedrez en Madrid"]
[Source "lmi"]
[SourceDate "2016.07.13"]
[SourceVersion "1"]
[SourceVersionDate "2019.06.21"]
[SourceQuality "1"]

1. e4 d5 2. exd5 Qxd5 3. Nc3 Qa5 4. d4 Nf6 5. Nf3 Bg4 6. h3 Bxf3 7. Qxf3 c6 8.
Bd2 Nbd7 9. O-O-O e6 10. g4 Bb4 11. Bc4 O-O 12. a3 Bxc3 13. Bxc3 Qc7 14. g5 Nd5
15. Bd2 b5 16. Bd3 Rae8 17. Qe4 f5 18. gxf6 N7xf6 19. Qh4 e5 20. dxe5 Rxe5 21.
f4 Re7 22. Rhg1 Ne4 23. Rde1 Rfe8 24. Re2 Ndf6 25. Reg2 Nxd2 26. Qxf6 Nf3 27.
Rd1 Re1 28. c3 Rxd1+ 29. Kxd1 Re1+ 30. Kc2 Re3 31. Rg4 Qd7 32. Bf1 Nh2 33.
Rxg7+ Qxg7 34. Qd8+ Qf8 35. Qg5+ Kh8 36. Bd3 Nf3 0-1

[Event "18. Obert Int. Sant Marti 2016"]
[Site "Barcelona ESP"]
[Date "2016.07.16"]
[Round "4.15"]
[White "Brzezinski, Adam"]
[Black "Debashis, Das"]
[Result "1/2-1/2"]
[WhiteElo "2208"]
[BlackElo "2451"]
[PlyCount "99"]
[EventDate "2016.07.13"]
[EventType "swiss"]
[EventRounds "9"]
[EventCountry "ESP"]
[SourceTitle "Ajedrez en Madrid"]
[Source "lmi"]
[SourceDate "2016.07.13"]
[SourceVersion "1"]
[SourceVersionDate "2019.06.21"]
[SourceQuality "1"]

1. d4 Nf6 2. c4 e6 3. Nc3 Bb4 4. e3 O-O 5. Nge2 Re8 6. a3 Bf8 7. h3 b6 8. g4
Bb7 9. Rg1 c5 10. d5 exd5 11. Bg2 Na6 12. cxd5 d6 13. Ng3 Nd7 14. Nce2 c4 15.
Bd2 Nac5 16. Bc3 Nd3+ 17. Kf1 Qg5 18. Nf4 Nxf4 19. exf4 Qxf4 20. Nh5 Qg5 21.
Qd4 Nc5 22. f4 Qg6 23. Rd1 Nd3 24. Bd2 f6 25. Bf3 Qf7 26. g5 fxg5 27. Rxg5 Re5
28. Kg2 Rxg5+ 29. fxg5 Ne5 30. Nf4 Nxf3 31. Kxf3 Qf5 32. h4 Re8 33. Re1 Re5 34.
Kg3 Bc8 35. Qf2 h6 36. gxh6 g5 37. hxg5 Qxg5+ 38. Kh2 Qxh6+ 39. Kg1 Qg7+ 40.
Kf1 c3 41. Bxc3 Ba6+ 42. Ne2 Rxe2 43. Rxe2 Qf7 44. Qxf7+ Kxf7 45. Kf2 Bxe2 46.
Kxe2 Kg6 47. Kd3 Bg7 48. Bb4 Be5 49. b3 Kf5 50. a4 1/2-1/2

[Event "18. Obert Int. Sant Marti 2016"]
[Site "Barcelona ESP"]
[Date "2016.07.16"]
[Round "4.16"]
[White "Aguero Jimenez, Luis Lazaro"]
[Black "Patil, Pratik"]
[Result "1/2-1/2"]
[WhiteElo "2415"]
[BlackElo "2219"]
[PlyCount "155"]
[EventDate "2016.07.13"]
[EventType "swiss"]
[EventRounds "9"]
[EventCountry "ESP"]
[SourceTitle "Ajedrez en Madrid"]
[Source "lmi"]
[SourceDate "2016.07.13"]
[SourceVersion "1"]
[SourceVersionDate "2019.06.21"]
[SourceQuality "1"]

1. b3 Nf6 2. Bb2 d5 3. e3 g6 4. Bxf6 exf6 5. c4 Bg7 6. Nc3 Be6 7. Nf3 f5 8. Rc1
c6 9. d4 O-O 10. Bd3 Qd6 11. O-O Nd7 12. c5 Qc7 13. Ne2 Nf6 14. b4 a6 15. a4
Ne4 16. Ne1 b5 17. f3 Nf6 18. Nc2 Rfe8 19. Qd2 Bh6 20. Ra1 Bd7 21. g3 Rab8 22.
axb5 axb5 23. Ra5 Re7 24. Rfa1 Rbe8 25. Nf4 Bxf4 26. exf4 Bc8 27. Re1 Rxe1+ 28.
Nxe1 h5 29. h4 Kg7 30. Kf1 Nd7 31. Qa2 Nf8 32. Ra7 Qd8 33. Qa5 Ne6 34. Qxd8
Rxd8 35. Nc2 Rd7 36. Ra8 Rc7 37. Ke2 Bb7 38. Ra5 Rc8 39. Ra7 Nd8 40. Ne3 Ra8
41. Ra5 Ne6 42. Nc2 Kf8 43. Kd2 Ke7 44. Kc3 Kd7 45. Ne1 Kc7 46. Rxa8 Bxa8 47.
Bc2 Bb7 48. Nd3 Kd7 49. Ne5+ Ke7 50. Bd1 Ba8 51. Be2 Bb7 52. Bf1 Ba8 53. Bh3
Bb7 54. Nd3 Ba8 55. Nc1 Bb7 56. Kd3 Ba8 57. Ke3 Bb7 58. Nd3 Ba8 59. Ne5 Bb7 60.
g4 Ng7 61. Kf2 Ba8 62. Nd3 Bb7 63. Ne5 Ba8 64. Bf1 Bb7 65. Bd3 Ba8 66. Ke3 Bb7
67. Be2 Ba8 68. Nd3 Bb7 69. Nf2 Bc8 70. g5 Ne6 71. Nd3 Nc7 72. Nc1 Bb7 73. Bf1
Na6 74. Na2 Ba8 75. Kd2 Bb7 76. Kc3 Nc7 77. Nc1 Na6 78. Bd3 1/2-1/2

[Event "18. Obert Int. Sant Marti 2016"]
[Site "Barcelona ESP"]
[Date "2016.07.16"]
[Round "4.17"]
[White "Martorell Aguado, Joan"]
[Black "Valdes Romero, Leonardo"]
[Result "1/2-1/2"]
[WhiteElo "2219"]
[BlackElo "2411"]
[PlyCount "74"]
[EventDate "2016.07.13"]
[EventType "swiss"]
[EventRounds "9"]
[EventCountry "ESP"]
[SourceTitle "Ajedrez en Madrid"]
[Source "lmi"]
[SourceDate "2016.07.13"]
[SourceVersion "1"]
[SourceVersionDate "2019.06.21"]
[SourceQuality "1"]

1. c4 Nf6 2. Nc3 g6 3. g3 Bg7 4. Bg2 O-O 5. e3 d6 6. Nge2 c5 7. O-O Nc6 8. d3
Bd7 9. h3 Rb8 10. a3 a6 11. Rb1 b5 12. cxb5 axb5 13. b4 Qc8 14. Kh2 Qa6 15. e4
Rfc8 16. f4 Ne8 17. bxc5 dxc5 18. e5 b4 19. Ne4 bxa3 20. Ra1 Nb4 21. Rxa3 Qb6
22. Be3 Bb5 23. Qb1 Bxd3 24. Rxd3 Nxd3 25. Qxd3 c4 26. Qc3 Qb2 27. Qxb2 Rxb2
28. N4c3 Nc7 29. Nd4 Ne6 30. Na4 Ra2 31. Nb6 Rd8 32. Nc6 Rd3 33. Nb4 Rxg2+ 34.
Kxg2 Rxe3 35. Nxc4 Re2+ 36. Rf2 Rxf2+ 37. Kxf2 f6 1/2-1/2

[Event "18. Obert Int. Sant Marti 2016"]
[Site "Barcelona ESP"]
[Date "2016.07.16"]
[Round "4.18"]
[White "Cruz, Filemon"]
[Black "Sanchez Jerez, Emilio Miguel"]
[Result "0-1"]
[WhiteElo "2407"]
[BlackElo "2201"]
[PlyCount "96"]
[EventDate "2016.07.13"]
[EventType "swiss"]
[EventRounds "9"]
[EventCountry "ESP"]
[SourceTitle "Ajedrez en Madrid"]
[Source "lmi"]
[SourceDate "2016.07.13"]
[SourceVersion "1"]
[SourceVersionDate "2019.06.21"]
[SourceQuality "1"]

1. c4 g6 2. g3 Bg7 3. Bg2 d6 4. Nc3 Nc6 5. Rb1 Nf6 6. b4 O-O 7. d3 a6 8. e3 Rb8
9. Nge2 e5 10. O-O Be6 11. Nd5 Ne7 12. Nec3 c6 13. Nxf6+ Bxf6 14. a4 d5 15.
cxd5 cxd5 16. b5 Qd7 17. Ba3 Rfc8 18. Qd2 h5 19. Rfc1 Kg7 20. Rc2 h4 21. Rbc1
hxg3 22. hxg3 axb5 23. axb5 Rh8 24. Qd1 Rh6 25. Na4 Bg4 26. Bf3 Rbh8 27. Bxg4
Rh1+ 28. Kg2 R8h2+ 29. Kf3 e4+ 30. dxe4 dxe4+ 31. Kxe4 Qxb5 32. Rc5 Qa6 33. Qc2
b5 34. Rxh1 Rxh1 35. Kf3 bxa4 36. Rc7 Nd5 37. Rc6 Qb7 38. e4 Nb4 39. Bxb4 Qxb4
40. Kg2 Re1 41. Bf3 Qb3 42. Qd2 Qb1 43. Qf4 Qa1 44. Qd6 Qe5 45. Qb4 Ra1 46. Ra6
Qd4 47. Qb8 Ra2 48. Ra8 Qxf2+ 0-1

[Event "18. Obert Int. Sant Marti 2016"]
[Site "Barcelona ESP"]
[Date "2016.07.16"]
[Round "4.19"]
[White "Yashas, D.."]
[Black "Vassallo Barroche, Mauricio"]
[Result "0-1"]
[WhiteElo "2201"]
[BlackElo "2389"]
[PlyCount "60"]
[EventDate "2016.07.13"]
[EventType "swiss"]
[EventRounds "9"]
[EventCountry "ESP"]
[SourceTitle "Ajedrez en Madrid"]
[Source "lmi"]
[SourceDate "2016.07.13"]
[SourceVersion "1"]
[SourceVersionDate "2019.06.21"]
[SourceQuality "1"]

1. e4 c5 2. Nf3 e6 3. b3 b6 4. Bb2 Bb7 5. d3 d6 6. g3 Nf6 7. Bg2 Nc6 8. O-O Be7
9. Nbd2 Qc7 10. Re1 h6 11. e5 dxe5 12. Nxe5 Nd4 13. b4 Bxg2 14. Kxg2 O-O 15. a4
Rfd8 16. b5 Rd5 17. Ndc4 Qb7 18. f3 Re8 19. g4 Nxg4 20. Nxg4 Rg5 21. Nce5 h5
22. h4 Rf5 23. Bxd4 hxg4 24. Bf2 Bf6 25. Bg3 Bxe5 26. Bxe5 Rxf3 27. Kg1 f6 28.
Bd6 Qd5 29. Bc7 Qd4+ 30. Kh1 Qf2 0-1

[Event "18. Obert Int. Sant Marti 2016"]
[Site "Barcelona ESP"]
[Date "2016.07.16"]
[Round "4.20"]
[White "Himanshu, Sharma"]
[Black "Yogit, S."]
[Result "1-0"]
[WhiteElo "2389"]
[BlackElo "2197"]
[PlyCount "79"]
[EventDate "2016.07.13"]
[EventType "swiss"]
[EventRounds "9"]
[EventCountry "ESP"]
[SourceTitle "Ajedrez en Madrid"]
[Source "lmi"]
[SourceDate "2016.07.13"]
[SourceVersion "1"]
[SourceVersionDate "2019.06.21"]
[SourceQuality "1"]

1. e4 e5 2. Nf3 Nc6 3. Bb5 a6 4. Bxc6 dxc6 5. O-O Ne7 6. Nc3 Ng6 7. d4 Bg4 8.
dxe5 Qxd1 9. Rxd1 Bxf3 10. gxf3 Nxe5 11. f4 Nd7 12. Be3 O-O-O 13. Kg2 Bb4 14.
Ne2 Rde8 15. Ng3 g6 16. a3 Be7 17. Rd2 h5 18. Rad1 Nf8 19. f3 h4 20. Ne2 Ne6
21. Nd4 Nxd4 22. Bxd4 h3+ 23. Kf2 Rh5 24. Rg1 Rd8 25. Ke2 c5 26. Be5 Re8 27. c4
b5 28. b3 f6 29. Bb2 Bd6 30. Rxd6 cxd6 31. Rxg6 Rhh8 32. Bxf6 Reg8 33. Rg4 Rxg4
34. fxg4 Rh7 35. g5 bxc4 36. g6 Rh6 37. f5 cxb3 38. g7 Rxf6 39. g8=Q+ Kc7 40.
Qg7+ 1-0

[Event "18. Obert Int. Sant Marti 2016"]
[Site "Barcelona ESP"]
[Date "2016.07.16"]
[Round "4.21"]
[White "Gautier, Anand"]
[Black "Meneses Gonzalez, Kevin Moises"]
[Result "1-0"]
[WhiteElo "2186"]
[BlackElo "2379"]
[PlyCount "49"]
[EventDate "2016.07.13"]
[EventType "swiss"]
[EventRounds "9"]
[EventCountry "ESP"]
[SourceTitle "Ajedrez en Madrid"]
[Source "lmi"]
[SourceDate "2016.07.13"]
[SourceVersion "1"]
[SourceVersionDate "2019.06.21"]
[SourceQuality "1"]

1. e4 c5 2. Nf3 Nc6 3. d4 cxd4 4. Nxd4 Qb6 5. Nb3 Nf6 6. Nc3 e6 7. Be3 Qc7 8.
a3 Be7 9. f4 d6 10. Qe2 a6 11. g4 b5 12. O-O-O Bb7 13. g5 Nd7 14. Bg2 Nb6 15.
Kb1 Rb8 16. h4 Nc4 17. h5 Nxe3 18. Qxe3 b4 19. axb4 Nxb4 20. h6 Bc6 21. hxg7
Rg8 22. Rxh7 Nxc2 23. Rh8 Nxe3 24. Rxg8+ Kd7 25. Nc5# 1-0

[Event "18. Obert Int. Sant Marti 2016"]
[Site "Barcelona ESP"]
[Date "2016.07.16"]
[Round "4.22"]
[White "Ivana Maria, Furtado"]
[Black "Perpinya Rofes, Lluis Maria"]
[Result "0-1"]
[WhiteElo "2188"]
[BlackElo "2373"]
[PlyCount "80"]
[EventDate "2016.07.13"]
[EventType "swiss"]
[EventRounds "9"]
[EventCountry "ESP"]
[SourceTitle "Ajedrez en Madrid"]
[Source "lmi"]
[SourceDate "2016.07.13"]
[SourceVersion "1"]
[SourceVersionDate "2019.06.21"]
[SourceQuality "1"]

1. d4 c5 2. d5 g6 3. e4 Bg7 4. f4 d6 5. Nf3 Nf6 6. Nc3 O-O 7. h3 e6 8. dxe6
Bxe6 9. Be3 Nc6 10. Be2 d5 11. Bxc5 Nxe4 12. Nxe4 dxe4 13. Bxf8 Qxf8 14. Ng5
Bxb2 15. O-O Rd8 16. Qb1 Bxa1 17. Qxa1 Nd4 18. Bd1 e3 19. Re1 e2 20. Bxe2 Nxc2
21. Qe5 Nxe1 22. Nxe6 fxe6 23. Bg4 Qg7 24. Qxe6+ Qf7 25. Qxe1 Qxf4 26. Qe7 Rf8
27. Qxb7 Qd4+ 28. Kh2 Qd6+ 29. Kg1 Qb6+ 30. Qxb6 axb6 31. Bf3 Rf5 32. Kf1 Kf8
33. Ke2 Ra5 34. Kd3 Rxa2 35. Kc4 Rb2 36. Kc3 Rf2 37. Kc4 Ke7 38. Kb5 Rxf3 39.
gxf3 Kd6 40. Kxb6 Ke5 0-1

[Event "18. Obert Int. Sant Marti 2016"]
[Site "Barcelona ESP"]
[Date "2016.07.16"]
[Round "4.23"]
[White "Jimenez Ruano, Adrian"]
[Black "Liu, Chang"]
[Result "0-1"]
[WhiteElo "2089"]
[BlackElo "2361"]
[PlyCount "112"]
[EventDate "2016.07.13"]
[EventType "swiss"]
[EventRounds "9"]
[EventCountry "ESP"]
[SourceTitle "Ajedrez en Madrid"]
[Source "lmi"]
[SourceDate "2016.07.13"]
[SourceVersion "1"]
[SourceVersionDate "2019.06.21"]
[SourceQuality "1"]

1. d4 g6 2. c4 Nf6 3. Nc3 Bg7 4. e4 d6 5. Nf3 O-O 6. h3 c5 7. d5 e6 8. Bd3 exd5
9. cxd5 Na6 10. O-O Re8 11. Re1 Nc7 12. Bf4 Nh5 13. Bh2 Bh6 14. Bf1 f6 15. Nd2
Bf4 16. Bxf4 Nxf4 17. Qf3 g5 18. a4 Ng6 19. Nc4 Ne5 20. Nxe5 fxe5 21. Qh5 Rf8
22. Re3 Rf7 23. Be2 Ne8 24. Rg3 Rg7 25. Bb5 Nc7 26. h4 a6 27. Bd3 g4 28. Be2
Qe8 29. Qh6 Qe7 30. Qh5 Ne8 31. Qh6 Rg6 32. Qe3 Qxh4 33. f4 Nf6 34. f5 Rg5 35.
Kf2 Nh5 36. Rh1 Qxg3+ 37. Qxg3 Nxg3 38. Kxg3 h5 39. Kh4 Rg7 40. a5 Bd7 41. Bd1
Kf7 42. g3 b6 43. axb6 Rb8 44. Ba4 Bb5 45. Bxb5 axb5 46. Ra1 Rxb6 47. Kxh5 Rb8
48. Ra7+ Kf6 49. Rxg7 Kxg7 50. Kxg4 b4 51. Nd1 c4 52. Kg5 Rc8 53. f6+ Kf7 54.
Ne3 c3 55. bxc3 bxc3 56. Nf5 Rg8+ 0-1

[Event "18. Obert Int. Sant Marti 2016"]
[Site "Barcelona ESP"]
[Date "2016.07.16"]
[Round "4.24"]
[White "Garcia Lopez, Nicolas"]
[Black "Lillo Castany, Victor"]
[Result "0-1"]
[WhiteElo "2069"]
[BlackElo "2312"]
[PlyCount "40"]
[EventDate "2016.07.13"]
[EventType "swiss"]
[EventRounds "9"]
[EventCountry "ESP"]
[SourceTitle "Ajedrez en Madrid"]
[Source "lmi"]
[SourceDate "2016.07.13"]
[SourceVersion "1"]
[SourceVersionDate "2019.06.21"]
[SourceQuality "1"]

1. e4 e5 2. Nf3 Nc6 3. d4 exd4 4. Nxd4 Nf6 5. Nxc6 bxc6 6. Qe2 Bb4+ 7. c3 Be7
8. e5 Nd5 9. Qg4 O-O 10. Bh6 g6 11. Bxf8 Bxf8 12. Bc4 Rb8 13. Qe2 Nf4 14. Qf3
Qg5 15. O-O Rxb2 16. g3 Ne6 17. Re1 Bc5 18. Re2 Qc1+ 19. Kg2 d5 20. exd6 Ng5
0-1

[Event "18. Obert Int. Sant Marti 2016"]
[Site "Barcelona ESP"]
[Date "2016.07.16"]
[Round "4.25"]
[White "Gonzalez Rodriguez, Jorge A."]
[Black "Garcia Ramos, Daniel"]
[Result "1-0"]
[WhiteElo "2310"]
[BlackElo "2195"]
[PlyCount "77"]
[EventDate "2016.07.13"]
[EventType "swiss"]
[EventRounds "9"]
[EventCountry "ESP"]
[SourceTitle "Ajedrez en Madrid"]
[Source "lmi"]
[SourceDate "2016.07.13"]
[SourceVersion "1"]
[SourceVersionDate "2019.06.21"]
[SourceQuality "1"]

1. c4 Nf6 2. Nc3 e6 3. d4 d5 4. e3 Be7 5. Nf3 O-O 6. a3 c6 7. Qc2 Nbd7 8. cxd5
exd5 9. Bd3 Re8 10. Ne5 Nf8 11. O-O Ng4 12. Nxg4 Bxg4 13. h3 Bh5 14. Bd2 Bg6
15. b4 a6 16. Na4 Bxd3 17. Qxd3 b5 18. Nc5 Bxc5 19. dxc5 Nd7 20. Bc3 Qh4 21. a4
bxa4 22. Bd4 a5 23. b5 cxb5 24. Qxb5 Nf8 25. Rxa4 Reb8 26. Qc6 Qd8 27. Be5 Rc8
28. Qb5 Ne6 29. c6 h6 30. Rd1 Qe8 31. Rc1 Nd8 32. Qxd5 Nxc6 33. Ba1 Nb4 34.
Rxc8 Rxc8 35. Qxa5 Nd3 36. Rg4 g6 37. Qa2 Kh7 38. Rc4 Qe6 39. Rxc8 1-0

[Event "18. Obert Int. Sant Marti 2016"]
[Site "Barcelona ESP"]
[Date "2016.07.16"]
[Round "4.26"]
[White "Uribe Arteaga, Daniel"]
[Black "Chernyak, Viktoria"]
[Result "1/2-1/2"]
[WhiteElo "2304"]
[BlackElo "2186"]
[PlyCount "106"]
[EventDate "2016.07.13"]
[EventType "swiss"]
[EventRounds "9"]
[EventCountry "ESP"]
[SourceTitle "Ajedrez en Madrid"]
[Source "lmi"]
[SourceDate "2016.07.13"]
[SourceVersion "1"]
[SourceVersionDate "2019.06.21"]
[SourceQuality "1"]

1. d4 Nf6 2. Nf3 e6 3. Bf4 b6 4. e3 Bb7 5. h3 Be7 6. Nbd2 c5 7. c3 d5 8. Bxb8
Qxb8 9. Bb5+ Kf8 10. Ne5 a6 11. Bd3 g6 12. f4 Qc7 13. Ndf3 Nd7 14. O-O Kg7 15.
Qe1 f6 16. Nxd7 Qxd7 17. g4 Bc6 18. g5 Bb5 19. Bxb5 axb5 20. gxf6+ Bxf6 21. Qg3
Rhg8 22. Rf2 Qc7 23. Qg4 Qd7 24. Kh1 b4 25. cxb4 cxb4 26. b3 Qc6 27. Raf1 Raf8
28. h4 Kh8 29. Rh2 Rg7 30. Rhf2 Rgf7 31. h5 gxh5 32. Qxh5 Rg7 33. Qh6 Qc3 34.
Re1 Qd3 35. Kh2 Qf5 36. Rg1 Qe4 37. Rxg7 Bxg7 38. Qh4 Qxe3 39. Ng5 h6 40. Rf3
Qe2+ 41. Rf2 Qe1 42. Nf3 Qe4 43. Ne5 Kh7 44. Qg4 Qxd4 45. Qg6+ Kh8 46. Rf3 Qd2+
47. Kh3 Qd1 48. Qxe6 Qh1+ 49. Kg3 Qg1+ 50. Kh3 Qh1+ 51. Kg3 Qg1+ 52. Kh3 Qh1+
53. Kg3 Qg1+ 1/2-1/2

[Event "18. Obert Int. Sant Marti 2016"]
[Site "Barcelona ESP"]
[Date "2016.07.16"]
[Round "4.27"]
[White "Mendonca, Leon Luke"]
[Black "Dalo, Hermes"]
[Result "1-0"]
[WhiteElo "1964"]
[BlackElo "2282"]
[PlyCount "95"]
[EventDate "2016.07.13"]
[EventType "swiss"]
[EventRounds "9"]
[EventCountry "ESP"]
[SourceTitle "Ajedrez en Madrid"]
[Source "lmi"]
[SourceDate "2016.07.13"]
[SourceVersion "1"]
[SourceVersionDate "2019.06.21"]
[SourceQuality "1"]

1. d4 Nf6 2. Bg5 d5 3. Bxf6 exf6 4. e3 c6 5. c3 Bd6 6. Be2 f5 7. Nf3 Be6 8. O-O
Nd7 9. Qb3 Rb8 10. c4 O-O 11. Nc3 dxc4 12. Bxc4 Bxc4 13. Qxc4 Nf6 14. Rfd1 Ne4
15. d5 Nxc3 16. bxc3 c5 17. Qd3 Qf6 18. c4 Rfe8 19. Rab1 f4 20. exf4 Qxf4 21.
Re1 b6 22. g3 Qf6 23. Nd2 Be5 24. Kg2 Bd4 25. Nf3 Bc3 26. Rxe8+ Rxe8 27. Rd1
Rd8 28. Ng5 Qxg5 29. Qxc3 h5 30. h4 Qf5 31. a4 Rd6 32. Re1 Rf6 33. Qe3 g6 34.
Re2 Kg7 35. Rd2 Qd7 36. Qe5 Qxa4 37. d6 Qd7 38. Rd3 a5 39. Qe7 Qc6+ 40. f3 Re6
41. Qxe6 fxe6 42. d7 Qxd7 43. Rxd7+ Kf6 44. Rb7 Ke5 45. Rd7 a4 46. Kf2 a3 47.
Ke3 a2 48. Ra7 1-0

[Event "18. Obert Int. Sant Marti 2016"]
[Site "Barcelona ESP"]
[Date "2016.07.16"]
[Round "4.29"]
[White "Hernandez Moya, Yuleisy"]
[Black "Gaikwad, Siddhant"]
[Result "1-0"]
[WhiteElo "2260"]
[BlackElo "2003"]
[PlyCount "47"]
[EventDate "2016.07.13"]
[EventType "swiss"]
[EventRounds "9"]
[EventCountry "ESP"]
[SourceTitle "Ajedrez en Madrid"]
[Source "lmi"]
[SourceDate "2016.07.13"]
[SourceVersion "1"]
[SourceVersionDate "2019.06.21"]
[SourceQuality "1"]

1. e4 c5 2. Nf3 d6 3. Bb5+ Nd7 4. d4 Ngf6 5. Nc3 cxd4 6. Nxd4 g6 7. Be3 a6 8.
Be2 Bg7 9. Qd2 O-O 10. Bh6 Bxh6 11. Qxh6 Qc7 12. h4 Re8 13. h5 Nf8 14. O-O-O e6
15. g4 b5 16. g5 N6d7 17. f4 d5 18. f5 dxe4 19. f6 Qf4+ 20. Kb1 Nxf6 21. hxg6
fxg6 22. Rdf1 Qe3 23. gxf6 Qxh6 24. f7+ 1-0

[Event "18. Obert Int. Sant Marti 2016"]
[Site "Barcelona ESP"]
[Date "2016.07.16"]
[Round "4.30"]
[White "Ibanez Aullana, Ramon"]
[Black "Noordhoek, Henk"]
[Result "1-0"]
[WhiteElo "2258"]
[BlackElo "1976"]
[PlyCount "61"]
[EventDate "2016.07.13"]
[EventType "swiss"]
[EventRounds "9"]
[EventCountry "ESP"]
[SourceTitle "Ajedrez en Madrid"]
[Source "lmi"]
[SourceDate "2016.07.13"]
[SourceVersion "1"]
[SourceVersionDate "2019.06.21"]
[SourceQuality "1"]

1. e4 Nf6 2. e5 Nd5 3. d4 d6 4. c4 Nb6 5. exd6 exd6 6. Nc3 Nc6 7. Be3 Be7 8.
Nf3 O-O 9. b3 Bf6 10. Be2 Re8 11. h3 Bf5 12. g4 Bg6 13. Qd2 h6 14. Rc1 d5 15.
c5 Nd7 16. Rd1 Nf8 17. O-O Ne6 18. Bb5 Qd7 19. b4 a6 20. Ba4 b5 21. Bb3 Ne7 22.
Ne5 Bxe5 23. dxe5 c6 24. f4 Nf8 25. Qf2 Bh7 26. f5 Kh8 27. Bd4 Qc7 28. f6 Ng8
29. fxg7+ Kxg7 30. e6+ f6 31. Bxf6+ 1-0